| 000 | 00735nam a2200253 a 4500 | ||
|---|---|---|---|
| 001 | 000024865 | ||
| 005 | 20250725140219.0 | ||
| 008 | 110207s1990 ve r 000 0 spa d | ||
| 020 | _a9806114051 | ||
| 040 |
_aDO-SdBNP _bspa _cBNPHU |
||
| 082 |
_a110 _bM538a, 1990 |
||
| 100 | 1 |
_aMéndez, Coony _d1898-1979. _951031 |
|
| 245 | 1 | 0 |
_aMetafísica al alcance de todos / _cCoony Méndez. |
| 250 | _a21a ed. | ||
| 260 |
_aCaracas, Venezuela : _bBienes Lacónica, _c1990. |
||
| 300 |
_a111, [1] p. ; _c16 cm. |
||
| 490 | 1 |
_aMetafísica _v1 |
|
| 650 | 4 |
_aMetafísica _919469 |
|
| 650 | 0 |
_a Cosmología _91848 |
|
| 650 | 4 |
_aOntología _91544 |
|
| 650 | 4 |
_aTeoría del conocimiento _913 |
|
| 830 |
_aMetafísica _v1 _935656 |
||
| 049 | _aBNGR | ||
| 999 |
_c24358 _d24358 |
||